<?xml version="1.0" encoding="UTF-8"?>
<record
    xmlns:xsi="http://www.w3.org/2001/XMLSchema-instance"
    xsi:schemaLocation="http://www.loc.gov/MARC21/slim http://www.loc.gov/standards/marcxml/schema/MARC21slim.xsd"
    xmlns="http://www.loc.gov/MARC21/slim">

  <leader>00971nam a22001817a 4500</leader>
  <controlfield tag="005">20240814173835.0</controlfield>
  <controlfield tag="008">      s2545    th                  tha d</controlfield>
  <datafield tag="041" ind1=" " ind2=" ">
    <subfield code="a">tha</subfield>
  </datafield>
  <datafield tag="245" ind1="1" ind2="0">
    <subfield code="a">&#xE04;&#xE33;&#xE27;&#xE34;&#xE19;&#xE34;&#xE08;&#xE09;&#xE31;&#xE22;&#xE2A;&#xE33;&#xE19;&#xE31;&#xE01;&#xE07;&#xE32;&#xE19;&#xE2D;&#xE31;&#xE22;&#xE01;&#xE32;&#xE23;&#xE2A;&#xE39;&#xE07;&#xE2A;&#xE38;&#xE14;&#xE02;&#xE49;&#xE2D;&#xE2B;&#xE32;&#xE23;&#xE37;&#xE2D;&#xE1B;&#xE31;&#xE0D;&#xE2B;&#xE32;&#xE01;&#xE0E;&#xE2B;&#xE21;&#xE32;&#xE22;&#xE41;&#xE25;&#xE30;&#xE2A;&#xE31;&#xE0D;&#xE0D;&#xE32;&#xE02;&#xE2D;&#xE07;&#xE2A;&#xE48;&#xE27;&#xE19;&#xE23;&#xE32;&#xE0A;&#xE01;&#xE32;&#xE23;&#xE41;&#xE25;&#xE30;&#xE23;&#xE31;&#xE10;&#xE27;&#xE34;&#xE2A;&#xE32;&#xE2B;&#xE01;&#xE34;&#xE08; &#xE40;&#xE25;&#xE48;&#xE21;&#xE17;&#xE35;&#xE48; 7 &#xE1E;.&#xE28;.2540-2541</subfield>
  </datafield>
  <datafield tag="260" ind1="3" ind2=" ">
    <subfield code="a">&#xE01;&#xE23;&#xE38;&#xE07;&#xE40;&#xE17;&#xE1E;&#xE2F; : </subfield>
    <subfield code="b">&#xE2A;&#xE33;&#xE19;&#xE31;&#xE01;&#xE07;&#xE32;&#xE19;&#xE17;&#xE35;&#xE48;&#xE1B;&#xE23;&#xE36;&#xE01;&#xE29;&#xE32;&#xE01;&#xE0E;&#xE2B;&#xE21;&#xE32;&#xE22; &#xE2A;&#xE33;&#xE19;&#xE31;&#xE01;&#xE07;&#xE32;&#xE19;&#xE2D;&#xE31;&#xE22;&#xE01;&#xE32;&#xE23;&#xE2A;&#xE39;&#xE07;&#xE2A;&#xE38;&#xE14;, </subfield>
    <subfield code="c">2545</subfield>
  </datafield>
  <datafield tag="300" ind1=" " ind2=" ">
    <subfield code="a">621 &#xE2B;&#xE19;&#xE49;&#xE32; ;</subfield>
    <subfield code="b"> 27 &#xE0B;&#xE21;.</subfield>
  </datafield>
  <datafield tag="650" ind1="0" ind2="4">
    <subfield code="a">&#xE2A;&#xE33;&#xE19;&#xE31;&#xE01;&#xE07;&#xE32;&#xE19;&#xE2D;&#xE31;&#xE22;&#xE01;&#xE32;&#xE23;&#xE2A;&#xE39;&#xE07;&#xE2A;&#xE38;&#xE14; -- &#xE04;&#xE33;&#xE27;&#xE34;&#xE19;&#xE34;&#xE08;&#xE09;&#xE31;&#xE22;</subfield>
  </datafield>
  <datafield tag="850" ind1=" " ind2=" ">
    <subfield code="a">NALT</subfield>
  </datafield>
  <datafield tag="942" ind1=" " ind2=" ">
    <subfield code="c">REF</subfield>
  </datafield>
  <datafield tag="997" ind1=" " ind2=" ">
    <subfield code="c">000000000018815</subfield>
  </datafield>
  <datafield tag="998" ind1=" " ind2=" ">
    <subfield code="a">AREERAT VICHACHANG</subfield>
    <subfield code="j">25</subfield>
    <subfield code="k"> &#xE19;&#xE35;&#xE25;&#xE27;&#xE31;&#xE2A;&#xE19;&#xE4C; &#xE2D;&#xE34;&#xE19;&#xE17;&#xE23;&#xE31;&#xE01;&#xE29;&#xE32;</subfield>
  </datafield>
  <datafield tag="999" ind1=" " ind2=" ">
    <subfield code="c">18815</subfield>
    <subfield code="d">18815</subfield>
  </datafield>
  <datafield tag="090" ind1=" " ind2=" ">
    <subfield code="a">KA84 &#xE2D;569&#xE04; 2545 &#xE25;.7</subfield>
  </datafield>
  <datafield tag="952" ind1=" " ind2=" ">
    <subfield code="0">0</subfield>
    <subfield code="1">0</subfield>
    <subfield code="4">0</subfield>
    <subfield code="7">0</subfield>
    <subfield code="8">CLAW</subfield>
    <subfield code="a">NALT</subfield>
    <subfield code="b">NALT</subfield>
    <subfield code="g">800.00</subfield>
    <subfield code="l">0</subfield>
    <subfield code="o">KA 84 &#xE2D;569&#xE04; 2545 &#xE25;.7</subfield>
    <subfield code="p">3961141319</subfield>
    <subfield code="r">2017-06-09 00:00:00</subfield>
    <subfield code="t">&#xE09;. 2</subfield>
    <subfield code="v">850.00</subfield>
    <subfield code="w">2017-06-09</subfield>
    <subfield code="y">REF</subfield>
  </datafield>
  <datafield tag="952" ind1=" " ind2=" ">
    <subfield code="0">0</subfield>
    <subfield code="1">0</subfield>
    <subfield code="4">0</subfield>
    <subfield code="7">0</subfield>
    <subfield code="8">CLAW</subfield>
    <subfield code="a">NALT</subfield>
    <subfield code="b">NALT</subfield>
    <subfield code="g">800.00</subfield>
    <subfield code="l">0</subfield>
    <subfield code="o">KA 84 &#xE2D;569&#xE04; 2545 &#xE25;.7</subfield>
    <subfield code="p">3961141317</subfield>
    <subfield code="r">2017-06-09 00:00:00</subfield>
    <subfield code="t">&#xE09;. 1</subfield>
    <subfield code="v">850.00</subfield>
    <subfield code="w">2017-06-09</subfield>
    <subfield code="y">REF</subfield>
  </datafield>
</record>
